| 000 | 00605nam a2200193 i 4500 | ||
|---|---|---|---|
| 001 | 78715 | ||
| 003 | ES-MaACL | ||
| 005 | 20250722131824.0 | ||
| 007 | t| | ||
| 008 | 041015s1984 sp ||||1| spa d | ||
| 100 | 1 |
_aPereira, Miriam Halpern. _990475 |
|
| 245 | 1 | 0 |
_aPolítica y economía _b: Portugal en los siglos XIX y XX / _cMiriam Halpern Pereira ; [traducción de Basilio Losada]. |
| 250 | _a[1ª ed.]. | ||
| 260 |
_aBarcelona : _bAriel, _c[1984] |
||
| 300 |
_a199 p. ; _c21 cm. |
||
| 700 | 1 |
_aLosada, Basilio, _d1930- _974251 |
|
| 852 |
_aES-MaACL _jL-6783 _bR.107175 |
||
| 999 |
_c78715 _d78715 |
||